Statistics for NFL Starting Five 2022-2023

Click here to take the quiz!

General Stats

  • This quiz has been taken 1,707 times
  • The average score is 107 of 160

Answer Stats

HintAnswer% Correct
Bills QBJosh Allen
100%
Chargers WRKeenan Allen
98%
Bills WRStefon Diggs
98%
Broncos QBRussell Wilson
96%
Jets QBZach Wilson
96%
49ers RBJeff Wilson Jr
95%
Jets WR2Corey Davis
90%
Bills WR2Gabe Davis
90%
Packers RBAaron Jones
89%
Giants QBDaniel Jones
89%
Patriots QBMac Jones
89%
Jaguars WR2Marvin Jones Jr
89%
Browns WR2Donovan Peoples-Jones
88%
Dolphins QBTua Tagovailoa
88%
Dolphins WRTyreek Hill
88%
Chiefs WRJuju Smith-Schuster
86%
Chiefs QBPatrick Mahomes
86%
Vikings RBDalvin Cook
85%
Bills TEDawson Knox
85%
Eagles WR2Devonta Smith
85%
Seahawks QBGeno Smith
85%
Vikings TEIrv Smith Jr
85%
Dolphins WR2Jaylen Waddle
85%
Chiefs TETravis Kelce
84%
Bills RBDevin Singletary
83%
Lions WRAmon-Ra St. Brown
82%
Titans RBDerrick Henry
82%
Bears WR2Equanimeous St. Brown
82%
Patriots TEHunter Henry
82%
Chargers QBJustin Herbert
82%
Eagles WRAJ Brown
81%
Raiders WRDavante Adams
81%
Ravens QBLamar Jackson
81%
Cardinals WRMarquise Brown
81%
Texans TEPharaoh Brown
81%
Raiders QBDerek Carr
80%
Eagles QBJalen Hurts
80%
Packers QBAaron Rodgers
79%
Bengals QBJoe Burrow
79%
Bengals WRJa'Marr Chase
78%
Chargers WR2Mike Williams
78%
Cowboys QBDak Prescott
77%
Steelers RBNajee Harris
77%
Giants RBSaquon Barkley
77%
Patriots RBDamien Harris
76%
Bengals RBJoe Mixon
76%
Raiders RBJosh Jacobs
76%
Vikings WRJustin Jefferson
76%
Cardinals QBKyler Murray
76%
Rams QBMatthew Stafford
76%
Browns RBNick Chubb
76%
Cowboys WRCeedee Lamb
75%
Rams WRCooper Kupp
75%
49ers WRDeebo Samuel
75%
Cowboys RBEzekiel Elliot
75%
Lions QBJared Goff
75%
Steelers QBKenny Pickett
75%
Vikings QBKirk Cousins
75%
Titans QBRyan Tannehill
75%
Bengals WR2Tee Higgins
75%
Jaguars QBTrevor Lawrence
75%
Chargers RBAustin Ekeler
74%
Panthers WRDJ Moore
74%
Seahawks WRDK Metcalf
74%
Jets WRElijah Moore
74%
Colts RBJonathan Taylor
74%
Bears QBJustin Fields
74%
Ravens TEMark Andrews
74%
Colts QBMatt Ryan
74%
Buccaneers QBTom Brady
74%
Raiders TEDarren Waller
73%
49ers TEGeorge Kittle
73%
Broncos WR2Jerry Jeudy
73%
49ers QBJimmy Garoppolo
73%
Buccaneers WRMike Evans
73%
Browns WRAmari Cooper
72%
Steelers WRDiontae Johnson
71%
Saints RBAlvin Kamara
70%
Broncos WRCourtland Sutton
70%
Panthers TEIan Thomas
70%
Commanders TELogan Thomas
70%
Saints WRMichael Thomas
70%
Eagles RBMiles Sanders
70%
Seahawks WR2Tyler Lockett
70%
Buccaneers WR2Chris Godwin
69%
Texans QBDavis Mills
69%
Colts WRMichael Pittman Jr
69%
Dolphins RBRaheem Mostert
69%
Commanders WRTerry Mclaurin
69%
Rams WR2Allen Robinson
68%
Panthers QBBaker Mayfield
68%
Saints QBJameis Winston
68%
Jaguars RBJames Robinson
68%
Eagles TEDallas Goedert
67%
Lions RBD'Andre Swift
67%
Vikings WR2Adam Thielen
66%
Dolphins TEMike Gesicki
66%
Commanders QBCarson Wentz
65%
Raiders WR2Hunter Renfrow
65%
49ers WR2Brandon Aiyuk
64%
Buccaneers RBLeonard Fournette
64%
Browns QBJacoby Brissett
63%
Falcons QBMarcus Mariota
63%
Lions TETJ Hockenson
63%
Texans WRBrandin Cooks
62%
Rams RBCam Akers
62%
Cowboys TEDalton Schultz
62%
Bears RBDavid Montgomery
62%
Cardinals RBJames Conner
62%
Jaguars WRChristian Kirk
61%
Panthers RBChristian McCaffrey
61%
Browns TEDavid Njoku
61%
Ravens RBJK Dobbins
61%
Falcons TEKyle Pitts
61%
Chiefs RBClyde Edwards-Helaire
60%
Cardinals TEZach Ertz
59%
Packers WRAllen Lazard
58%
Saints WR2Chris Olave
58%
Texans RBDameon Pierce
58%
Bears WRDarnell Mooney
58%
Cowboys WR2Michael Gallup
57%
Commanders RBAntonio Gibson
55%
Falcons WRDrake London
55%
Jaguars TEEvan Engram
55%
Patriots WRJakobi Meyers
55%
Seahawks TENoah Fant
55%
Rams TETyler Higbee
55%
Bears TECole Kmet
54%
Falcons RBCordarrelle Patterson
53%
Steelers WR2Chase Claypool
52%
Broncos RBMelvin Gordon
51%
Chargers TEGerald Everett
50%
Jets RBMichael Carter
50%
Ravens WRRashod Bateman
50%
Seahawks RBRashaad Penny
49%
Bengals TEHayden Hurst
48%
Titans WRRobert Woods
48%
Packers WR2Randall Cobb
47%
Giants WRKadarius Toney
46%
Chiefs WR2Marquez Valdes-Scantling
46%
Titans WR2Treylon Burks
46%
Steelers TEPat Freiermuth
45%
Commanders WR2Jahan Dotson
44%
Packers TERobert Tonyan
44%
Patriots WR2DeVante Parker
43%
Giants WR2Darius Slayton
42%
Ravens WR2Devin Duvernay
38%
Panthers WR2Robbie Anderson
37%
Jets TETyler Conklin
37%
Lions WR2DJ Chark
36%
Texans WR2Nico Collins
36%
Colts TEMo Alie-Cox
34%
Titans TEAustin Hooper
32%
Buccaneers TECameron Brate
31%
Giants TEDaniel Bellinger
29%
Colts WR2Parris Campbell
28%
Cardinals WR2AJ Green
27%
Falcons WR2Olamide Zaccheaus
22%
Broncos TEAlbert Okwuegbunam
20%
Saints TEAdam Trautman
17%

Score Distribution

Percentile by Number Answered

Percent of People with Each Score

Your Score History

You have not taken this quiz